00461nam a2200157Ia 4500003000400000008004100004040001600045082002200061100002600083245005400109260003600163490002700199650001900226650002600245650003200271GCL140319s9999 xx 000 0 ara d aGCL / cGCL04aطb813.02bد ر1 aدار المعارف10aارنبو والكنز / cدار المعارف a[S.N] : bدار المعارف aروضة الطفلv004aالاطفال04aقصص الاطفال04aالقصص الخرافية